[Event "Oban Minor"]
[Site "?"]
[Date "2013.11.17"]
[Round "4"]
[White "McCulloch, Andrew"]
[Black "Reid, William"]
[Result "1/2-1/2"]
[WhiteElo "1104"]
[BlackElo "1155"]
[PlyCount "69"]

1. d4 d5 2. Nf3 Bg4 3. e3 e6 4. Bd3 Nf6 5. O-O Ne4 6. Nbd2 f5 7. Be2 Bxf3 8.
Nxf3 a6 9. b3 Nc3 10. Qd3 Bb4 11. a3 Nxe2+ 12. Qxe2 Bd6 13. c4 Qf6 14. cxd5
exd5 15. Re1 O-O 16. Qf1 h6 17. Bd2 Nd7 18. b4 g5 19. g3 g4 20. Nh4 Rf7 21. Ng2
Nf8 22. Rad1 Ne6 23. Bc3 Ng5 24. Kh1 Nf3 25. Re2 h5 26. Ba1 h4 27. Nxh4 Nxh4
28. gxh4 Qxh4 29. f4 Rh7 30. Rg2 Re8 31. Re1 Kf7 32. Ree2 Rg8 33. Bc3 Rgh8 34.
Be1 Qh5 35. Bg3 1/2-1/2

[Event "Oban Minor"]
[Site "?"]
[Date "2013.11.17"]
[Round "5"]
[White "Reid, William"]
[Black "Boyle, Daniel"]
[Result "0-1"]
[WhiteElo "1155"]
[BlackElo "1216"]
[PlyCount "62"]

1. e4 c6 2. Nf3 d5 3. Bd3 Bg4 4. h3 Bxf3 5. Qxf3 Nd7 6. exd5 Ne5 7. Qf4 Nxd3+
8. cxd3 Qxd5 9. Nc3 Qd6 10. Qf3 Nf6 11. O-O Rd8 12. Ne4 Qxd3 13. Qxd3 Rxd3 14.
Nc5 Rd5 15. Nxb7 e6 16. a4 Bb4 17. Rd1 O-O 18. a5 a6 19. d4 Rb8 20. Nc5 Bxc5
21. Bf4 Rbd8 22. Bc7 R8d7 23. Bb6 Bxd4 24. Rxd4 Rxd4 25. Bxd4 Rxd4 26. Rc1 Rd6
27. b4 g6 28. b5 cxb5 29. f3 Nd5 30. h4 Nf4 31. Kf2 Nd3+ 0-1

[Event "Oban Minor"]
[Site "?"]
[Date "2013.11.17"]
[Round "5"]
[White "Richmond, Liam"]
[Black "Grant, Norman"]
[Result "1-0"]
[WhiteElo "1200"]
[BlackElo "1287"]
[PlyCount "145"]

1. c4 e5 2. g3 Bc5 3. Bg2 Nc6 4. Nc3 Nf6 5. e4 a6 6. d3 d6 7. Nge2 Bg4 8. O-O
O-O 9. a3 Re8 10. b4 Ba7 11. Kh1 Qd7 12. f4 Nd4 13. f5 Nxe2 14. Nxe2 Bd4 15.
Ra2 a5 16. Qc2 Bxe2 17. Qxe2 Ra7 18. Rf3 Rea8 19. b5 c6 20. a4 cxb5 21. cxb5
Rc8 22. Be3 Bxe3 23. Qxe3 Rc5 24. Rf1 Ra8 25. Rc1 Rac8 26. Rxc5 Rxc5 27. Qe2
Qc7 28. Bf1 b6 29. h3 Rc1 30. g4 Qc3 31. Kg1 Qd4+ 32. Kg2 Qc3 33. Qd2 Qxd2+ 34.
Rxd2 Ra1 35. Rc2 Kf8 36. Rc6 Ra2+ 37. Kf3 Ke7 38. Rxb6 Rxa4 39. Ra6 Nd7 40. b6
Rb4 41. Rxa5 Rxb6 42. Ra8 Nb8 43. Ra7+ Nd7 44. h4 Rb1 45. Kf2 Rb2+ 46. Be2 h6
47. g5 hxg5 48. hxg5 f6 49. g6 Rb8 50. Ke3 Rh8 51. Bd1 Rh3+ 52. Kd2 Rh8 53. Ba4
Rd8 54. Ke3 Ke8 55. d4 Ke7 56. Rxd7+ Rxd7 57. Bxd7 Kxd7 58. Kd3 Kc6 59. Kc4
exd4 60. Kxd4 Kd7 61. Kd5 Ke7 62. Kc6 Kf8 63. Kxd6 Ke8 64. Ke6 Kf8 65. e5 fxe5
66. Kxe5 Ke7 67. Ke4 Kf6 68. Kf4 Ke7 69. Ke5 Kf8 70. f6 gxf6+ 71. Kxf6 Kg8 72.
g7 Kh7 73. Kf7 1-0